000 02018nam0a2200373 4500
001 RU\NLR\bibl\1988503
005 20260406070543.0
010 _a978-5-397-03283-4
021 _aRU
_b2012-100390
_97407
035 _a(NLR Aleph) 001977065
090 _a4036905
_c4036905
100 _a20130118d2013 |||y0rusy50 ca
101 1 _arus
_cger
102 _aRU
105 _ay |||||||||
200 1 _aНалоговая система в Римской империи
_e[правление Августа, от Августа до Каракаллы, от Каракаллы до Диоклетиана]
_fК.И. Родбертус-Ягецов
_gпер. с нем. под ред. и с предисл. И.Т. Тарасова
210 _aМосква
_cURSS
_cЛиброком
_d2013
215 _a566 с.
_d22
225 1 _aКлассика политэкономической мысли
300 _aНа 4-й с. обл. авт.: К.И. Родбертус-Ягецов - нем. экономист, историк и полит. деятель
606 1 _aНалоговая система
_yРимская империя
_92133886
_3RU\NLR\auth\661591214
606 1 _aЭкономические учения
_yГермания
_z19 в.
_92630659
_3RU\NLR\auth\661567219
686 _aУ02(4Г)51-167
686 _aУ26(0)141.3
700 1 _4070
_8rus
_7ca
_aРодбертус-Ягецов
_bК. И.
_f1805-1875
_gКарл Иоганн
_3RU\NLR\auth\7769978
_952906
702 0 _4570
_8rus
_7ca
_aАвгуст
_cимператор римский
_f63 до н.э.-14 н.э.
_3RU\NLR\auth\7715780
_9125428
702 0 _4570
_8rus
_7ca
_aКаракалла
_cимператор римский
_f186-217
_3RU\NLR\AUTH\77119765
_9102690
702 0 _4570
_8rus
_7ca
_aДиоклетиан
_cимператор римский
_f243-ок.313
_3RU\NLR\AUTH\779701
_9119513
801 0 _aRU
_bNLR
_c20130118
_gRCR
801 1 _aRU
_bNLR
_c20130118
942 _cBOOK
980 _aNB